000 01235nji a22003017a 4500
005 20100903161258.0
006 a|||||r|||||00| 0
007 sd ammalaaahaa
008 100830t xxu||||| |||| 00| 0 eng d
028 _aEMOE 2209
_bODEON
035 _aGR-02183
040 _aSED
_cSED
100 _917455
_aMohd, Rafi
245 _aShaheed /
_cby Mohd Rafi; Music by Ghulam Hydes; Lyric by Raja Mehdi
_h[sound recording] :
246 _aशहीद / मोहद रफ़ी द्वारा
260 _aDum Dum, India
_bODEON
300 _a1 sound disc [Gramophone Recording]:
_banalog, 45 rpm
_c7.5 in. (SP)
_fGramophone Record
500 _aBrief Record
500 _aRecord lables : ODEON,Black
505 _aSide 1 -वतन की राह में नौजवान शहीद हो (Watan ki raah men naujawan shaheed ho) Side 2 अब तुम्हारे हवाले वतन (Ab tumhare hawale watan )
600 _aMohd, Rafi
_919637
650 _aFilm Music
_zIndia
_91186
_xExcerpts
700 _917416
_aMadan Mohan
700 _917456
_aKaifi Azmi
700 _919696
942 _2ddc
_cGR
999 _c45404
_d45404